| 000 | 01134nas a2200385 4500 | ||
|---|---|---|---|
| 001 | BR0504404 | ||
| 003 | BR-BrBNA | ||
| 005 | 20231205105624.0 | ||
| 007 | ta | ||
| 008 | 230509b bl.|||p| |||| 00| 00por d | ||
| 040 |
_aBR-BrBNA _bpor _cBiblioteca Nacional de Agricultura |
||
| 041 | _a(Pt) | ||
| 072 | _aL02; L52 | ||
| 100 | 1 | _aSoares, L.L.P. | |
| 100 | 1 | _aSilva, C.A. da | |
| 100 | 1 | _aPinheiro, J.W. | |
| 100 | 1 | _aFonseca, N.A.N. | |
| 100 | 1 | _aCabrera, L. | |
| 100 | 1 | _aHoshi, E.H. | |
| 100 | 1 | _aSilva, M.A.A. da | |
| 100 | 1 | _aCanteri, R.C. | |
| 245 | 1 | _aFarelo de gérmen de milho desengordurado na alimentação de suínos em crescimento e terminação | |
| 650 | _aSUÍNO | ||
| 650 | _aPERFORMANCE | ||
| 650 | _aVALOR NUTRITIVO | ||
| 650 | _aRAÇÃO BALANCEADA | ||
| 650 | _aCUSTO | ||
| 650 | _aTERMINAÇÃO | ||
| 650 | _aFARELO | ||
| 650 | _aMILHO | ||
| 650 | _aCOMPOSIÇÃO DE ALIMENTO | ||
| 773 | 0 |
_tRevista Brasileira de Zootecnia (Brazil) _xISSN 1516-3598 _g(Nov-Dec 2004), v. 33(6)(Suplemento 1) p. 1768-1776 _wBR0504404 |
|
| 909 |
_a202311 _bLúcia _c55 _dLúcia Elande |
||
| 942 |
_2AGRIS _n0 _cANA |
||
| 999 |
_c183823 _d183823 |
||